Doctor Who - Noms d'épisodes par émojis - Statistiques

Statistiques générales
  • Ce quiz a été pris 9 fois
  • Le résultat moyen est 8 sur 20
Statistiques - réponses
Émojis Réponse % Correct
👻🤖🏠 Apparitions à la Villa Diodati
100%
👨‍⚕️🧑‍⚕️🤖 Cyber Noël
100%
🤖🦖 En apnée
100%
📦💥 Kerblam !
100%
👿🎼 L'accord du Diable
100%
👨‍👩‍👧‍👦🩸⌚ La Famille de Sang / Smith, la montre et le Docteur
100%
🥔🆚🪖 La guerre des Sontariens
100%
😵🟰🤖 La Nécrosphère / Mort au Paradis
100%
🌍❌❓ La Terre volée / La fin du voyage
100%
🪠👽🏅 La victoire des Daleks
100%
🤖🌕 Le Cyberplanificateur
100%
👻🏠🌳 Le fantôme de Caliburn
100%
🌍❌💭🆚 Le monde du souhait / La guerre de la réalité
100%
🪦🟦 Le nom du Docteur
100%
🫃➖💊 Le retour de Donna Noble
100%
👼👁️ Les Anges Pleureurs
100%
🧙🏻❓ Les chasseurs de sorcières
100%
👨🏽💍👩🏽👹 Les démons du Pendjab
100%
🕳️🤖 L'éternité devant soi / Le Docteur tombe
100%
🧑‍🚀🌊 L'impossible astronaute
100%
🧙🎭 Peines d'amour gagnées
100%
🌳☀️ Promenons-nous dans les bois...
100%
👨🏾‍🦲💘👨🏻 Rogue
100%
👩🌹 Rose
100%
🧛🐟 Les vampires de Venise
75%
🐠💧🧊 La foire des glaces
67%
🙋‍♂️🙋‍♀️❌ Aux confins de l'univers
50%
📚👤💀 Bibliothèque des ombres
50%
🪠👽 Dalek
50%
🛌❌ Dans les bras de Morphée
50%
👻🔥 Des morts inassouvis
50%
🍀👩 Jour de chance
50%
🎄🏨🕐 JOY-eux Noël
50%
🐋🌠 La bête des bas-fonds
50%
👩🧊 La Dame de Glace
50%
👶🟰👩 La Retraite du Démon
50%
🤖👩🏾🤖 La révolution des robots
50%
🦸🧑‍⚕️ Le retour du Docteur Mysterio
50%
🪠👽🎄 Le réveillon des Daleks
50%
✏️🌍 Londres 2012
50%
🎥🎞️👺 Lux
50%
😊✅😐❌ Souriez !
50%
🛳️⭐ Une croisière autour de la Terre
50%
👽🍴🔩 Le casse-tête de Tsuranga
33%
👴☁️🐟 Le fantôme des Noëls passés
33%
⌛❌👩💍 Le mariage de River Song
33%
👩↔️👩‍🦳 73 yards
0%
🐝👩📕 Agatha Christie mène l'enquête
0%
🥸🔫🚪 Allons tuer Hitler !
0%
🧑‍⚕️🟦⬇️ À plat
0%
🕷️⬆️ Arachnides au Royaume-Uni
0%
🥔🔫☁️ A.T.M.O.S
0%
⬇️🌊👻 Au fond du lac / Avant l'inondation
0%
💥 BOUM
0%
⌛🏦 Braquage temporel
0%
🔥☀️ Brûle avec moi
0%
🪖📩🪠👽 Dans le ventre du Dalek
0%
🪞➡️🪞 De l'autre côté
0%
🧑‍⚕️🔄️🪐 Descente au Paradis / Montée en Enfer
0%
🦖⭐ Des dinosaures dans l'espace
0%
🪖⬇️🌊 Destruction mutuelle assurée
0%
🦀❄️🎅 Douce nuit
0%
😷👦🍌💣 Drôle de mort / Le Docteur danse
0%
🌐🛜 Enfermés dans la toile
0%
🧑‍⚕️📖🌐 Extremis
0%
👨‍🦲💀❌ Fête des pères
0%
🧑‍⚕️🧑‍⚕️🪖👩🏾‍🦱 Il était deux fois
0%
🪐⌛🔀 Il n'était pas une fois
0%
👦🏾🛏️👹 Jamais seul
0%
🪐🦷 La bataille de Ranskoor av Kolos
0%
👨👨👨👨 La chair vivante
0%
🔥🧱👩 La cheminée du temps
0%
🌋🏢🔥 La chute de Pompéi
0%
👨🏽🆚👱🏻‍♀️ La chute des espions
0%
💧🦠🪐 La conquête de Mars
0%
🧸👺 La créature stellaire
0%
☁️⬇️👩 La femme qui venait d'ailleurs
0%
🧑‍⚕️➡️👧 La fille du Docteur
0%
👩➡️👵 La fille qui attendait
0%
🌍☀️💥 La fin du monde
0%
👩🏻🧬♾️ La fin d'une vie / Une vie sans fin
0%
💀🐶 La légende de Ruby Sunday / L'empire de Mort
0%
👿🐟🏴‍☠️ La légende des Démons des Mers
0%
🦏🌙🏥 La loi des Judoons
0%
⚫🖐️🏴‍☠️ La marque noire
0%
👩🏻🟰🟦 L'âme du TARDIS
0%
🚄⭐💀 La momie de l'Orient-Express
0%
🪫🌙😱 La nuit de terreur de Nikola Tesla
0%
🧑‍⚕️➡️📦💺 La Pandorica s'ouvre
0%
👹🪐🕳️ La planète du Diable
0%
🐶👨‍🦳🎃 L'apocalypse d'Halloween
0%
🌕🟰🥚 La première femme sur la Lune
0%
🌍🪐🎄 La prophétie de Noël
0%
🔺🏜️🔚 La pyramide de la fin du monde
0%
🌍⬇️🦎 La révolte des intra-terrestres
0%
🪠👽🆚🪠👽 La révolution des Daleks
0%
👻🤖👩 L'armée des ombres / Adieu Rose
0%
👩🧬❓ L'ascension des Cybermen / L'Enfant Intemporel
0%
🪠👽🫨🪐 L'asile des Daleks
0%
🌍🤫 La Terre du mensonge
0%
🤠👽 La ville de la miséricorde
0%
🟥😵 Le cauchemar écarlate
0%
🐙❄️🎶 Le chant des Oods
0%
👩‍🦰⬅️➡️ Le choix de Donna
0%
🏫🐕🦇 L'école des retrouvailles
0%
🏠🪜🛸 Le colocataire
0%
🏨🐮 Le complexe divin
0%
🎤🎵⭐ Le Concours Interstellaire de la Chanson
0%
🦏👩🏾‍⚕️❓ Le contrat des Judoons
0%
🐦‍⬛💀 Le corbeau
0%
🎁🌳❄️🪵 Le Docteur, la veuve et la forêt de Noël
0%
🪀🪆😆 Le Fabricant de Jouets
0%
🏫💂 Le gardien
0%
⛪❄️ L'église de Ruby Road
0%
🤖🎲🪠👽 Le Grand Méchant Loup / À la croisée des chemins
0%
🧑‍⚕️👨‍⚕️🧑‍⚕️ Le jour du Docteur
0%
👼👁️🌳 Le labyrinthe des Anges
0%
👴🪠👽 Le magicien et son disciple / La sorcière et son pantin
0%
👰🎄 Le mariage de Noël
0%
🚗🛑 L'embouteillage sans fin
0%
🟦❓ Le monument fantôme
0%
📚🕷️ Le Moteur à Histoires
0%
💦💀 Le pilote
0%
👱🏻‍♀️➡️👨🏽 Le pouvoir du Docteur
0%
🐍0️⃣👁️ Le Prisonnier Zéro
0%
🕳️⬇️❓ Le puits
0%
🤖🌏👑 Le règne des Cybermen
0%
👼👁️🗽 Les Anges prennent Manhattan
0%
☀️🍁 Les anneaux d'Akhaten
0%
👶🌠 Les bébés de l'espace
0%
🏅💥 Les Conquérants
0%
💭🤰🥶 Le Seigneur des Rêves
0%
🐦‍⬛🗣️ Les Mange-Lumière
0%
👩💍🧑‍🦲👨‍🦰 Les maris de River Song
0%
👼👁️🏘️ Le village des Anges
0%
🪠👽➕👨 L'expérience finale / DGM : Dalek Génétiquement Modifié
0%
👴➡️👨 L'expérience Lazarus
0%
💥🏢👽 L'explosion de Cardiff
0%
🪐❄️👴 L'heure du Docteur
0%
👽💨💣 L'humanité en péril / Troisième Guerre Mondiale
0%
📺⚡ L'hystérique de l'étrange lucarne
0%
🪐👸 L'impératrice de Mars
0%
👽👥🪑 L.I.N.D.A
0%
🎅🎺💥 L'invasion de Noël
0%
🧊🧊🧊 L'invasion des cubes
0%
🐌👩 Œil et Cerveau Bulle
0%
⛱️🌍🧟 Orphan 55
0%
🧑‍🚀🧟 Oxygène
0%
🌍🌵☠️ Planète morte
0%
🚮🐦‍⬛ Praxeus
0%
🥁👨 Que tapent les tambours / Le dernier Seigneur du Temps
0%
🪠👽➡️👨🏿‍🦲 Résolution
0%
👨🌲🤖 Robot des Bois
0%
👩🏾❌👨🏻 Rosa
0%
🌠🛸🌠 Survivants du Flux
0%
🎎🚪👦 Terreurs nocturnes
0%
🪵👩👴 Toc, toc
0%
👨‍🍼🤖🏬 Tournée d'adieux
0%
🌍🐈 Une nouvelle Terre
0%
🥶🧠 Un jeu interminable
0%
🐺👸 Un Loup-Garou royal
0%
🕛🚗👤 Un passager de trop
0%
🚀🪐⌚ Utopia
0%
📦🆚📦 Vérité ou conséquences
0%
🎨🧑‍⚕️ Vincent et le Docteur
0%
🪐👩🏾‍🦳🪐 Vous m'entendez ?
0%
🟦💥🤖 Voyage au centre du TARDIS
0%
Aucun quiz correspondant
Distribution des résultats
% des personnes avec chaque résultat
Percentile par nombre de réponses
Votre historique - résultats
Vous n’avez pas pris ce quiz